00554nam a2200193 i 4500001001100000003000500011005001700016008004100033040002500074082001500099245004600114264006900160300002400229336002100253337002500274338002300299500001100322650002700333C2-0244349PPAK20180727205628.0021126s1973 ua |||| ||||| | eng d aPPAKbengcPPAKerda04a808.8322300aAfro-Asian Short Stories : ban anthology 1aCairo, Egypt : bPermanent Bureau of Afro-Asian Writers , c1973 a469 pages ; c18 cm 2rdacontentatext 2rdamediaaunmediated 2rdacarrieravolume aVol. 210aShort stories, English